|
|
|
|
| LEADER |
02421nam a22004935i 4500 |
| 001 |
978-0-585-38571-6 |
| 003 |
DE-He213 |
| 005 |
20151204165655.0 |
| 007 |
cr nn 008mamaa |
| 008 |
100301s1999 xxu| s |||| 0|eng d |
| 020 |
|
|
|a 9780585385716
|9 978-0-585-38571-6
|
| 024 |
7 |
|
|a 10.1007/b102331
|2 doi
|
| 040 |
|
|
|d GrThAP
|
| 050 |
|
4 |
|a RC254-282
|
| 072 |
|
7 |
|a MJCL
|2 bicssc
|
| 072 |
|
7 |
|a MED062000
|2 bisacsh
|
| 082 |
0 |
4 |
|a 616.994
|2 23
|
| 245 |
1 |
0 |
|a Diagnostic and Therapeutic Advances in Hematologic Malignancies
|h [electronic resource] /
|c edited by Martin S. Tallman, Leo I. Gordon.
|
| 264 |
|
1 |
|a Boston, MA :
|b Springer US,
|c 1999.
|
| 300 |
|
|
|a XIII, 377 p.
|b online resource.
|
| 336 |
|
|
|a text
|b txt
|2 rdacontent
|
| 337 |
|
|
|a computer
|b c
|2 rdamedia
|
| 338 |
|
|
|a online resource
|b cr
|2 rdacarrier
|
| 347 |
|
|
|a text file
|b PDF
|2 rda
|
| 490 |
1 |
|
|a Cancer Treatment and Research,
|x 0927-3042 ;
|v 99
|
| 505 |
0 |
|
|a New classifications for non-Hodgkin’s lymphoma -- Epstein—Barr virus and lymphoma -- Therapy of diffuse aggressive lymphomas -- The molecular biology of acute promyelocytic leukemia -- Current approaches to acute promyelocytic leukemia -- Prognosis in multiple myeloma -- Bone marrow and stem cell transplantation for multiple myeloma -- Hematopoietic growth factors and acute leukemia -- Novel treatment approaches for cutaneous T-cell lymphoma -- AIDS-associated lymphoma -- Mechanisms of resistance against B-cell malignancies induced by vaccination against the immunoglobulin receptor: the case for T-cell immunity -- Novel biologic approaches to hematologic malignancies -- Recent advances in the biology and management of acute lymphoblastic leukemia in adults -- Advances in the therapy of the myelodysplastic syndromes.
|
| 650 |
|
0 |
|a Medicine.
|
| 650 |
|
0 |
|a Internal medicine.
|
| 650 |
|
0 |
|a Hematology.
|
| 650 |
|
0 |
|a Oncology.
|
| 650 |
1 |
4 |
|a Medicine & Public Health.
|
| 650 |
2 |
4 |
|a Oncology.
|
| 650 |
2 |
4 |
|a Internal Medicine.
|
| 650 |
2 |
4 |
|a Hematology.
|
| 700 |
1 |
|
|a Tallman, Martin S.
|e editor.
|
| 700 |
1 |
|
|a Gordon, Leo I.
|e editor.
|
| 710 |
2 |
|
|a SpringerLink (Online service)
|
| 773 |
0 |
|
|t Springer eBooks
|
| 776 |
0 |
8 |
|i Printed edition:
|z 9780792382065
|
| 830 |
|
0 |
|a Cancer Treatment and Research,
|x 0927-3042 ;
|v 99
|
| 856 |
4 |
0 |
|u http://dx.doi.org/10.1007/b102331
|z Full Text via HEAL-Link
|
| 912 |
|
|
|a ZDB-2-SME
|
| 912 |
|
|
|a ZDB-2-BAE
|
| 950 |
|
|
|a Medicine (Springer-11650)
|